[Event "World Chess Olympiad 2018"]
[Site "Batumi"]
[Date "2018.09.28"]
[Round "5"]
[Board "4"]
[WhiteFideId "505455"]
[White "Sipila Vilka"]
[BlackFideId "5500770"]
[Black "Taieb Sahbi"]
[Result "1-0"]
[LiveChessVersion "1.4.8"]
[BlackElo "2146"]
[WhiteElo "2381"]

1. d4 {[%clk 1:30:58]} Nf6 {[%clk 1:30:54]} 2. c4 {[%clk 1:31:16]} e6
{[%clk 1:30:57]} 3. Nf3 {[%clk 1:31:40]} d5 {[%clk 1:29:07]} 4. g3
{[%clk 1:32:03]} Be7 {[%clk 1:28:22]} 5. Bg2 {[%clk 1:32:26]} O-O
{[%clk 1:28:39]} 6. O-O {[%clk 1:32:52]} c6 {[%clk 1:29:02]} 7. Qc2
{[%clk 1:33:05]} Nbd7 {[%clk 1:27:43]} 8. Nbd2 {[%clk 1:33:27]} Re8
{[%clk 1:23:45]} 9. e4 {[%clk 1:33:20]} dxe4 {[%clk 1:23:57]} 10. Nxe4
{[%clk 1:33:44]} Nxe4 {[%clk 1:23:24]} 11. Qxe4 {[%clk 1:34:07]} Nf6
{[%clk 1:08:25]} 12. Qc2 {[%clk 1:33:41]} Bd6 {[%clk 1:07:35]} 13. Rd1
{[%clk 1:32:29]} Qe7 {[%clk 0:57:37]} 14. c5 {[%clk 1:19:28]} Bc7
{[%clk 0:55:11]} 15. Re1 {[%clk 1:19:37]} h6 {[%clk 0:44:28]} 16. Bd2
{[%clk 1:17:13]} Nd5 {[%clk 0:33:14]} 17. b4 {[%clk 1:06:55]} Bd7
{[%clk 0:29:05]} 18. Bf1 {[%clk 1:02:56]} Rad8 {[%clk 0:16:19]} 19. a4
{[%clk 0:51:16]} Bc8 {[%clk 0:16:18]} 20. b5 {[%clk 0:50:28]} Qf6
{[%clk 0:12:59]} 21. Ne5 {[%clk 0:46:06]} Bxe5 {[%clk 0:12:36]} 22. dxe5
{[%clk 0:44:21]} Qf5 {[%clk 0:12:06]} 23. Qc4 {[%clk 0:32:11]} Ne7
{[%clk 0:09:28]} 24. g4 {[%clk 0:30:24]} Qg6 {[%clk 0:09:10]} 25. Ba5
{[%clk 0:29:59]} Rd7 {[%clk 0:06:03]} 26. Rad1 {[%clk 0:28:37]} Rxd1
{[%clk 0:05:53]} 27. Rxd1 {[%clk 0:29:00]} Nd5 {[%clk 0:06:11]} 28. Bd2
{[%clk 0:27:27]} f5 {[%clk 0:06:10]} 29. h3 {[%clk 0:26:33]} fxg4
{[%clk 0:06:05]} 30. hxg4 {[%clk 0:26:07]} Rf8 {[%clk 0:06:03]} 31. Bg2
{[%clk 0:19:17]} Qf7 {[%clk 0:05:24]} 32. Rf1 {[%clk 0:19:15]} Bd7
{[%clk 0:03:31]} 33. Be4 {[%clk 0:09:30]} Nf4 {[%clk 0:02:00]} 34. f3
{[%clk 0:06:58]} Nh3+ {[%clk 0:01:17]} 35. Kg2 {[%clk 0:07:22]} Ng5
{[%clk 0:01:23]} 36. Bd3 {[%clk 0:03:42]} Qe7 {[%clk 0:00:38]} 37. f4
{[%clk 0:03:55]} Nh7 {[%clk 0:00:39]} 38. Qe4 {[%clk 0:03:34]} g5
{[%clk 0:00:50]} 39. f5 {[%clk 0:03:21]} exf5 {[%clk 0:01:08]} 40. gxf5
{[%clk 0:33:48]} Qxc5 {[%clk 0:30:37]} 41. Bb4 {[%clk 0:31:59]} Qb6
{[%clk 0:26:42]} 42. f6 {[%clk 0:32:16]} 1-0

[Event "World Chess Olympiad 2018"]
[Site "Batumi"]
[Date "2018.09.28"]
[Round "5"]
[Board "1"]
[WhiteFideId "11000120"]
[White "Makoto Rodwell"]
[BlackFideId "9000240"]
[Black "Tissir Mohamed"]
[Result "1-0"]
[LiveChessVersion "1.4.8"]
[BlackElo "2388"]
[WhiteElo "2338"]

1. Nf3 {[%clk 1:30:53]} Nf6 {[%clk 1:30:17]} 2. c4 {[%clk 1:31:17]} g6
{[%clk 1:30:32]} 3. g3 {[%clk 1:31:38]} Bg7 {[%clk 1:30:55]} 4. Bg2
{[%clk 1:32:01]} O-O {[%clk 1:31:13]} 5. O-O {[%clk 1:31:49]} d6 {[%clk 1:31:38]}
6. d4 {[%clk 1:32:10]} a6 {[%clk 1:32:01]} 7. Nc3 {[%clk 1:32:34]} Nc6
{[%clk 1:31:42]} 8. Bf4 {[%clk 1:31:06]} Rb8 {[%clk 1:25:22]} 9. Rc1
{[%clk 1:30:26]} Bg4 {[%clk 1:25:40]} 10. d5 {[%clk 1:27:21]} Na7
{[%clk 1:25:42]} 11. h3 {[%clk 1:26:54]} Bxf3 {[%clk 1:20:14]} 12. exf3
{[%clk 1:26:13]} c5 {[%clk 1:18:43]} 13. dxc6 {[%clk 1:21:57]} Nxc6
{[%clk 1:19:05]} 14. Qd2 {[%clk 1:17:11]} Rc8 {[%clk 1:16:16]} 15. Rfe1
{[%clk 1:16:54]} Re8 {[%clk 1:16:38]} 16. Be3 {[%clk 1:16:29]} Nd7
{[%clk 0:58:22]} 17. f4 {[%clk 1:13:13]} Nc5 {[%clk 0:55:41]} 18. Red1
{[%clk 1:09:38]} Ne6 {[%clk 0:54:10]} 19. Ne2 {[%clk 1:06:41]} a5
{[%clk 0:46:46]} 20. h4 {[%clk 1:03:52]} Nc5 {[%clk 0:44:06]} 21. b3
{[%clk 0:59:57]} Qb6 {[%clk 0:25:50]} 22. Nc3 {[%clk 0:56:36]} Qb4
{[%clk 0:22:33]} 23. Nd5 {[%clk 0:55:40]} Qa3 {[%clk 0:22:44]} 24. Rc2
{[%clk 0:50:53]} Nb4 {[%clk 0:10:44]} 25. Nxb4 {[%clk 0:42:40]} axb4
{[%clk 0:11:09]} 26. Bxc5 {[%clk 0:40:54]} dxc5 {[%clk 0:11:37]} 27. Bxb7
{[%clk 0:40:40]} Rc7 {[%clk 0:12:05]} 28. Bf3 {[%clk 0:40:26]} Bd4
{[%clk 0:08:03]} 29. f5 {[%clk 0:39:30]} Qa6 {[%clk 0:07:05]} 30. fxg6
{[%clk 0:38:12]} fxg6 {[%clk 0:05:57]} 31. Kg2 {[%clk 0:37:43]} Rf8
{[%clk 0:05:31]} 32. Qd3 {[%clk 0:34:50]} Qf6 {[%clk 0:04:00]} 33. Re2
{[%clk 0:33:29]} e5 {[%clk 0:04:29]} 34. Bd5+ {[%clk 0:33:10]} Kh8
{[%clk 0:04:59]} 35. Rf1 {[%clk 0:33:21]} g5 {[%clk 0:04:53]} 36. hxg5
{[%clk 0:32:01]} Qxg5 {[%clk 0:05:16]} 37. Rh1 {[%clk 0:30:09]} Rg7
{[%clk 0:05:45]} 38. Be4 {[%clk 0:25:19]} Rff7 {[%clk 0:05:58]} 39. Bf3
{[%clk 0:21:25]} Rf8 {[%clk 0:00:33]} 40. Rh5 {[%clk 0:50:28]} Qf6
{[%clk 0:30:32]} 41. Be4 {[%clk 0:47:47]} Qe7 {[%clk 0:30:15]} 42. Qd2
{[%clk 0:40:56]} Rf6 {[%clk 0:29:18]} 43. f3 {[%clk 0:38:57]} Qf7
{[%clk 0:24:33]} 44. Rh3 {[%clk 0:39:10]} Qg8 {[%clk 0:17:54]} 45. Qc2
{[%clk 0:34:28]} Qf8 {[%clk 0:07:14]} 46. Re1 {[%clk 0:32:56]} h6
{[%clk 0:00:33]} 47. Qd2 {[%clk 0:31:31]} Ra7 {[%clk 0:00:44]} 48. Reh1
{[%clk 0:29:55]} Raa6 {[%clk 0:01:13]} 49. g4 {[%clk 0:25:25]} Bc3
{[%clk 0:01:22]} 50. Qe2 {[%clk 0:24:34]} Rfd6 {[%clk 0:00:39]} 51. Bd5
{[%clk 0:23:35]} Qf4 {[%clk 0:01:08]} 52. Rh5 {[%clk 0:21:22]} e4
{[%clk 0:00:34]} 53. Rf5 {[%clk 0:12:48]} exf3+ {[%clk 0:00:37]} 54. Bxf3
{[%clk 0:13:03]} Qd2 {[%clk 0:00:46]} 55. Qxd2 {[%clk 0:07:45]} Bxd2
{[%clk 0:01:03]} 56. Rxc5 {[%clk 0:05:43]} Rxa2 {[%clk 0:00:48]} 57. Rc8+
{[%clk 0:05:27]} Kg7 {[%clk 0:01:08]} 58. Bd5 {[%clk 0:05:26]} Bg5+
{[%clk 0:00:33]} 59. Kf3 {[%clk 0:04:28]} Rb2 {[%clk 0:00:51]} 60. Ke4
{[%clk 0:03:56]} Rxb3 {[%clk 0:00:32]} 61. c5 {[%clk 0:03:43]} Re3+
{[%clk 0:00:38]} 62. Kd4 {[%clk 0:04:07]} Rd7 {[%clk 0:00:31]} 63. c6
{[%clk 0:03:59]} Rde7 {[%clk 0:00:36]} 64. Rg8+ {[%clk 0:03:56]} Kh7
{[%clk 0:00:59]} 65. Rxg5 {[%clk 0:04:12]} 1-0

[Event "World Chess Olympiad 2018"]
[Site "Batumi"]
[Date "2018.09.28"]
[Round "5"]
[Board "2"]
[WhiteFideId "9000283"]
[White "Onkoud Abdelaziz"]
[BlackFideId "11309504"]
[Black "Mushore Emarald Takudzwa"]
[Result "1-0"]
[LiveChessVersion "1.4.8"]
[BlackElo "2152"]
[WhiteElo "2315"]

1. Nf3 {[%clk 1:30:50]} Nf6 {[%clk 1:30:56]} 2. c4 {[%clk 1:31:07]} e6
{[%clk 1:31:13]} 3. Nc3 {[%clk 1:30:08]} b6 {[%clk 1:30:19]} 4. g3
{[%clk 1:28:24]} Bb7 {[%clk 1:24:42]} 5. Bg2 {[%clk 1:28:52]} d5 {[%clk 1:24:27]}
6. d4 {[%clk 1:28:47]} Be7 {[%clk 1:24:17]} 7. O-O {[%clk 1:29:11]} O-O
{[%clk 1:24:37]} 8. Ne5 {[%clk 1:29:39]} Nbd7 {[%clk 1:24:38]} 9. Qa4
{[%clk 1:28:22]} Nxe5 {[%clk 1:17:56]} 10. dxe5 {[%clk 1:28:46]} Ne4
{[%clk 1:17:23]} 11. cxd5 {[%clk 1:12:57]} Nxc3 {[%clk 1:17:27]} 12. bxc3
{[%clk 1:13:22]} exd5 {[%clk 1:16:41]} 13. Rd1 {[%clk 1:13:23]} Qe8
{[%clk 1:16:05]} 14. Qxe8 {[%clk 1:10:13]} Rfxe8 {[%clk 1:16:25]} 15. Bxd5
{[%clk 1:06:51]} Rad8 {[%clk 1:16:44]} 16. Bb3 {[%clk 1:07:11]} Rxd1+
{[%clk 1:16:36]} 17. Bxd1 {[%clk 1:07:39]} Rd8 {[%clk 1:12:38]} 18. Bb3
{[%clk 1:06:26]} Bd5 {[%clk 1:10:10]} 19. Be3 {[%clk 1:04:44]} Be6
{[%clk 1:10:10]} 20. f4 {[%clk 1:02:55]} Ba3 {[%clk 1:09:41]} 21. Rb1
{[%clk 1:02:07]} Bf5 {[%clk 1:08:12]} 22. Rd1 {[%clk 1:01:27]} Rxd1+
{[%clk 1:08:20]} 23. Bxd1 {[%clk 1:01:55]} Bb2 {[%clk 1:08:20]} 24. c4
{[%clk 0:59:59]} Be6 {[%clk 1:08:33]} 25. Bb3 {[%clk 1:00:10]} a5
{[%clk 1:07:50]} 26. Kf2 {[%clk 0:58:31]} Kf8 {[%clk 1:07:32]} 27. Bd2
{[%clk 0:56:25]} Ke7 {[%clk 1:03:46]} 28. e4 {[%clk 0:55:50]} g6 {[%clk 1:01:08]}
29. Ke3 {[%clk 0:55:22]} a4 {[%clk 0:58:00]} 30. Bxa4 {[%clk 0:54:52]} Bxc4
{[%clk 0:58:27]} 31. Bb3 {[%clk 0:55:15]} Be6 {[%clk 0:58:40]} 32. Kd3
{[%clk 0:54:20]} Ba3 {[%clk 0:56:24]} 33. Be3 {[%clk 0:47:19]} Bd7
{[%clk 0:54:22]} 34. Kc3 {[%clk 0:46:17]} b5 {[%clk 0:53:07]} 35. Bd5
{[%clk 0:43:18]} c6 {[%clk 0:46:02]} 36. Bb3 {[%clk 0:43:44]} Ke8
{[%clk 0:41:54]} 37. Bb6 {[%clk 0:41:41]} Ke7 {[%clk 0:41:14]} 38. Ba5
{[%clk 0:40:07]} c5 {[%clk 0:38:46]} 39. Bd5 {[%clk 0:39:57]} Bc1
{[%clk 0:28:51]} 40. Kd3 {[%clk 1:01:13]} c4+ {[%clk 0:55:21]} 41. Kd4
{[%clk 1:01:14]} Bb2+ {[%clk 0:55:23]} 42. Kc5 {[%clk 0:50:15]} Be6
{[%clk 0:30:56]} 43. Kxb5 {[%clk 0:46:48]} c3 {[%clk 0:31:16]} 44. Bxe6
{[%clk 0:46:32]} c2 {[%clk 0:21:12]} 45. Bd2 {[%clk 0:46:31]} fxe6
{[%clk 0:21:21]} 46. a4 {[%clk 0:46:21]} c1=Q 47. Bxc1 {[%clk 0:46:42]} Bxc1
{[%clk 0:21:54]} 48. a5 {[%clk 0:46:07]} Kd7 {[%clk 0:20:47]} 49. Kb6
{[%clk 0:46:26]} g5 {[%clk 0:20:36]} 50. f5 {[%clk 0:46:11]} Bb2 {[%clk 0:19:57]}
51. Kb7 {[%clk 0:42:14]} Bxe5 {[%clk 0:19:55]} 52. a6 {[%clk 0:42:16]} Bd4
{[%clk 0:20:13]} 53. g4 {[%clk 0:42:29]} Kd6 {[%clk 0:15:56]} 54. a7
{[%clk 0:42:21]} Bxa7 {[%clk 0:15:37]} 55. Kxa7 {[%clk 0:42:43]} Ke5
{[%clk 0:16:03]} 56. Kb6 {[%clk 0:42:12]} h5 {[%clk 0:15:08]} 57. gxh5
{[%clk 0:40:54]} exf5 {[%clk 0:14:32]} 58. h6 {[%clk 0:38:49]} f4
{[%clk 0:10:21]} 59. h7 {[%clk 0:38:35]} f3 {[%clk 0:09:30]} 60. h8=Q+
{[%clk 0:37:26]} Kxe4 1-0

[Event "World Chess Olympiad 2018"]
[Site "Batumi"]
[Date "2018.09.28"]
[Round "5"]
[Board "3"]
[WhiteFideId "11001933"]
[White "Zhemba Jemusse"]
[BlackFideId "9001948"]
[Black "Saber Yasser"]
[Result "0-1"]
[LiveChessVersion "1.4.8"]
[BlackElo "2192"]
[WhiteElo "2138"]

1. Nf3 {[%clk 1:30:58]} d6 {[%clk 1:30:57]} 2. d4 {[%clk 1:31:04]} g6
{[%clk 1:31:24]} 3. c4 {[%clk 1:30:58]} f5 {[%clk 1:31:51]} 4. h4
{[%clk 1:28:13]} Nf6 {[%clk 1:26:13]} 5. h5 {[%clk 1:24:24]} Nxh5
{[%clk 1:26:40]} 6. Rxh5 {[%clk 1:24:33]} gxh5 {[%clk 1:27:08]} 7. e4
{[%clk 1:23:04]} Bg7 {[%clk 1:23:23]} 8. Ng5 {[%clk 1:22:05]} O-O
{[%clk 1:23:28]} 9. Qxh5 {[%clk 1:18:16]} h6 {[%clk 1:23:30]} 10. Nf3
{[%clk 1:17:34]} Qe8 {[%clk 1:20:01]} 11. Qh4 {[%clk 1:16:06]} Qg6
{[%clk 1:12:28]} 12. e5 {[%clk 1:14:01]} Nc6 {[%clk 1:09:39]} 13. Bf4
{[%clk 1:10:09]} Nxd4 {[%clk 1:04:48]} 14. Nxd4 {[%clk 1:07:51]} dxe5
{[%clk 1:04:16]} 15. Nc3 {[%clk 1:05:47]} c6 {[%clk 1:02:42]} 16. Nxc6
{[%clk 1:02:00]} bxc6 {[%clk 0:59:56]} 17. Be3 {[%clk 1:01:13]} Qf6
{[%clk 0:42:24]} 18. Qh5 {[%clk 0:59:17]} Rd8 {[%clk 0:39:41]} 19. Bc5
{[%clk 0:58:01]} e4 {[%clk 0:36:35]} 20. Be2 {[%clk 0:49:06]} Rb8
{[%clk 0:31:06]} 21. Rd1 {[%clk 0:47:13]} Rxd1+ {[%clk 0:29:04]} 22. Nxd1
{[%clk 0:47:39]} Be6 {[%clk 0:24:09]} 23. b3 {[%clk 0:47:47]} Bf7
{[%clk 0:22:41]} 24. Qh2 {[%clk 0:47:37]} Rd8 {[%clk 0:17:23]} 25. Qc7
{[%clk 0:46:59]} Rxd1+ {[%clk 0:17:22]} 26. Bxd1 {[%clk 0:39:44]} Qc3+
{[%clk 0:17:36]} 27. Kf1 {[%clk 0:39:56]} Qd3+ {[%clk 0:17:35]} 28. Kg1
{[%clk 0:40:19]} Qxd1+ {[%clk 0:17:58]} 29. Kh2 {[%clk 0:40:43]} f4
{[%clk 0:13:44]} 30. Qc8+ {[%clk 0:39:37]} Kh7 {[%clk 0:13:54]} 31. Qxc6
{[%clk 0:39:42]} Qh5+ {[%clk 0:13:36]} 32. Kg1 {[%clk 0:40:09]} Bg6
{[%clk 0:11:18]} 33. Qd5 {[%clk 0:37:43]} Qg4 {[%clk 0:06:50]} 34. f3
{[%clk 0:37:48]} exf3 {[%clk 0:07:09]} 35. Qxf3 {[%clk 0:38:12]} Qf5
{[%clk 0:01:01]} 36. Bxe7 {[%clk 0:36:05]} Bd4+ {[%clk 0:00:52]} 37. Kh2
{[%clk 0:36:09]} Qe5 {[%clk 0:00:34]} 38. Bh4 {[%clk 0:34:56]} Be4
{[%clk 0:00:42]} 39. Qg4 {[%clk 0:35:01]} Bf5 {[%clk 0:00:40]} 40. Qh5
{[%clk 1:03:55]} Qe6 {[%clk 0:31:00]} 41. Bg5 {[%clk 1:01:23]} f3
{[%clk 0:24:50]} 42. gxf3 {[%clk 0:59:45]} Qe2+ {[%clk 0:24:43]} 43. Kg3
{[%clk 0:58:42]} Qe1+ {[%clk 0:21:57]} 0-1

[Event "World Chess Olympiad 2018"]
[Site "Batumi"]
[Date "2018.09.28"]
[Round "5"]
[Board "4"]
[WhiteFideId "9000720"]
[White "Aithmidou Mohamed-Mehdi"]
[BlackFideId "14300753"]
[Black "Masango Spencer"]
[Result "0-1"]
[LiveChessVersion "1.4.8"]
[BlackElo "2121"]
[WhiteElo "2244"]

1. e4 {[%clk 1:30:57]} e5 {[%clk 1:30:43]} 2. Nf3 {[%clk 1:31:22]} Nc6
{[%clk 1:31:06]} 3. Bc4 {[%clk 1:31:47]} Bc5 {[%clk 1:31:28]} 4. c3
{[%clk 1:32:10]} Nf6 {[%clk 1:31:49]} 5. d3 {[%clk 1:32:27]} O-O {[%clk 1:32:07]}
6. Bb3 {[%clk 1:32:19]} d5 {[%clk 1:29:32]} 7. exd5 {[%clk 1:16:53]} Nxd5
{[%clk 1:29:46]} 8. O-O {[%clk 1:17:03]} Bg4 {[%clk 1:25:56]} 9. Re1
{[%clk 1:16:13]} Qd7 {[%clk 1:19:24]} 10. h3 {[%clk 1:09:11]} Bh5
{[%clk 1:18:47]} 11. g4 {[%clk 0:51:31]} Bg6 {[%clk 1:16:35]} 12. Nxe5
{[%clk 0:51:33]} Nxe5 {[%clk 1:16:58]} 13. Rxe5 {[%clk 0:51:54]} c6
{[%clk 1:17:16]} 14. Bxd5 {[%clk 0:43:54]} cxd5 {[%clk 1:17:19]} 15. Bf4
{[%clk 0:43:39]} f6 {[%clk 1:15:20]} 16. Re2 {[%clk 0:39:29]} f5 {[%clk 1:09:49]}
17. Bg3 {[%clk 0:12:56]} fxg4 {[%clk 1:06:45]} 18. h4 {[%clk 0:13:25]} Bxd3
{[%clk 1:04:06]} 19. Qxd3 {[%clk 0:13:06]} Rf3 {[%clk 1:04:24]} 20. Qd4
{[%clk 0:03:15]} Bxd4 {[%clk 1:04:11]} 21. cxd4 {[%clk 0:03:44]} Rxg3+
{[%clk 0:59:29]} 22. fxg3 {[%clk 0:04:10]} Qc7 {[%clk 0:59:50]} 23. Nc3
{[%clk 0:02:03]} Qxg3+ {[%clk 1:00:13]} 24. Rg2 {[%clk 0:02:09]} Qxh4
{[%clk 0:59:42]} 25. Nxd5 {[%clk 0:02:14]} Re8 {[%clk 0:59:53]} 26. Rf1
{[%clk 0:02:07]} Re1 {[%clk 0:59:34]} 27. Nf4 {[%clk 0:00:57]} Rxf1+
{[%clk 0:59:51]} 28. Kxf1 {[%clk 0:01:26]} Qf6 {[%clk 0:59:43]} 29. Rf2
{[%clk 0:01:55]} g3 {[%clk 0:59:55]} 0-1